000 00427ntaaa2200169 4500
003 01
005 20251027202046.0
008 0714s1973 ag 01
040 _aAR-BaBN
_bspa
_cAR-BaBN
_eaacr
_dRIC
082 _a251.0800 R66
100 _aRomanenghi, Roberto H
_911332
245 _aAnécdotas de actualidad
250 _a1 ed.
260 _aEl Paso :
_bCasa Bautista de Publicaciones,
_c1964
300 _a111 p
942 _cBK
999 _c15417
_d15417